000 01132nem0a2200265 4500
001 RU\NLR\BIBL_A\012914487
005 20250624223604.0
035 _a(NLR Aleph) 012914487
090 _a12624816
_c12624816
100 _a20221019d1928 |||y0rusy50 ca
101 0 _arus
102 _aRU
120 _abyy xx||
123 1 _aa
_b2500000
200 1 _aСборная таблица топографической карты 1:100 000 Приволжского Окружного Объединения геодезического Комитета ВСНХ-СССР
_bКарты
_fСост. Картогр. отд. Геодез. Ком. ВСНХ-СССР
206 _a1:2 500 000, 25 км в 1 см
210 _aМосква
_cГеодез. Ком. ВСНХ-СССР
_d1928
215 _a1 к.
_cцв.
_d66х67 см
509 0 1 _7ca
_aПоволжье
_92633550
_3RU\NLR\auth_crt\55374
607 _aПоволжье
_jКарты
_91226299
_3RU\NLR\AUTH\66181423
608 _aБланковые карты
_92341115
_3RU\NLR\AUTH\6601622864
852 _aNLR
_bК
_j4-Прив 2/142
_m3581
942 _cMAP
980 _aNB